Supermärkte nach Slogan - Statistiken

Allgemein
  • Dieses Quiz wurde 385 mal gespielt
  • Das Durchschnittsergebnis liegt bei 6 aus 12
Antwortstatistiken
Hint Antwort % Korrekt
Wir lieben Lebensmittel. Edeka
96%
Dann geh doch zu ... Netto
96%
... lohnt sich. Lidl
95%
Erstmal zu ... Penny
88%
Jeden Tag besonders - Einfach ... Aldi
61%
Einmal hin. Alles drin. Real
60%
Hier bin ich richtig! Kaufland
51%
Besser leben. Rewe
48%
Mehr fürs Geld. Norma
26%
Da ist die Welt noch in Ordnung. Globus
15%
Weil Gutes Freude macht. Tegut
9%
So nah bei... Spar
5%
Keine übereinstimmenden Quizze gefunden
Verteilung der Resultate
Anzahl Personen mit jedem Resultat
Perzentil nach korrekt beantworteten Fragen
Ihre Resultats-Entwicklung
Sie haben dieses Quiz noch nicht gespielt